Presidential Name Slot Machine Quiz Stats

Quiz Updated Dec 25, 2015

Challenge
Share
Tweet
Score 0/66 Timer 04:00
0 Plays Today
First Name Middle Name % Correct
First NameBarack Hussein Obama
97.6%
Middle NameBarack Hussein Obama
97.6%
Last NameBarack Hussein Obama
97.6%
First NameFranklin Delano Roosevelt
95.8%
Middle NameFranklin Delano Roosevelt
95.8%
Last NameFranklin Delano Roosevelt
95.8%
First NameLyndon Baines Johnson
91.5%
Middle NameLyndon Baines Johnson
91.5%
Last NameLyndon Baines Johnson
91.5%
First NameDwight David Eisenhower
91%
Middle NameDwight David Eisenhower
91%
Last NameDwight David Eisenhower
91%
First NameGeorge Walker Bush
89.6%
Middle NameGeorge Walker Bush
89.6%
Last NameGeorge Walker Bush
89.6%
First NameJohn Fitzgerald Kennedy
89%
Middle NameJohn Fitzgerald Kennedy
89%
Last NameJohn Fitzgerald Kennedy
89%
First NameRutherford Birchard Hayes
84.2%
Middle NameRutherford Birchard Hayes
84.2%
Last NameRutherford Birchard Hayes
84.2%
First NameJohn Quincy Adams
83.9%
Middle NameJohn Quincy Adams
83.9%
Last NameJohn Quincy Adams
83.9%
First NameRichard Milhous Nixon
81.9%
Middle NameRichard Milhous Nixon
81.9%
Last NameRichard Milhous Nixon
81.9%
First NameChester Alan Arthur
76.5%
Middle NameChester Alan Arthur
76.5%
Last NameChester Alan Arthur
76.5%
First NameWilliam Jefferson Clinton
64.3%
Middle NameWilliam Jefferson Clinton
64.3%
Last NameWilliam Jefferson Clinton
64.3%
First Name Middle Name % Correct
First NameWarren Gamaliel Harding
63%
Middle NameWarren Gamaliel Harding
63%
Last NameWarren Gamaliel Harding
63%
First NameGerald Rudolph Ford
55.9%
Middle NameGerald Rudolph Ford
55.9%
Last NameGerald Rudolph Ford
55.9%
First NameJames Knox Polk
53.5%
Middle NameJames Knox Polk
53.5%
Last NameJames Knox Polk
53.5%
First NameWilliam Henry Harrison
52.2%
Middle NameWilliam Henry Harrison
52.2%
Last NameWilliam Henry Harrison
52.2%
First NameWilliam Howard Taft
50.7%
Middle NameWilliam Howard Taft
50.7%
Last NameWilliam Howard Taft
50.7%
First NameRonald Wilson Reagan
48.1%
Middle NameRonald Wilson Reagan
48.1%
Last NameRonald Wilson Reagan
48.1%
First NameThomas Woodrow Wilson
46.2%
Middle NameThomas Woodrow Wilson
46.2%
Last NameThomas Woodrow Wilson
46.2%
First NameJames Earl Carter
45.9%
Middle NameJames Earl Carter
45.9%
Last NameJames Earl Carter
45.9%
First NameStephen Grover Cleveland
41.2%
Middle NameStephen Grover Cleveland
41.2%
Last NameStephen Grover Cleveland
41.2%
First NameHerbert Clark Hoover
36%
Middle NameHerbert Clark Hoover
36%
Last NameHerbert Clark Hoover
36%
First NameJohn Calvin Coolidge
35.8%
Middle NameJohn Calvin Coolidge
35.8%
Last NameJohn Calvin Coolidge
35.8%

You're not logged in!

Compare scores with friends on all Sporcle quizzes.
Sign Up with Email
OR
Log In

You Might Also Like...

Show Comments

Extras

Top Quizzes Today


Score Distribution

Your Account Isn't Verified!

In order to create a playlist on Sporcle, you need to verify the email address you used during registration. Go to your Sporcle Settings to finish the process.